[Event "Women's Speed Chess Q1"]
[Site "chess.com INT"]
[Date "2020.06.18"]
[Round "7"]
[White "Berzina, Ilze"]
[Black "Vantika, Agrawal"]
[Result "0-1"]
[WhiteTitle "WGM"]
[BlackTitle "WIM"]
[WhiteElo "2192"]
[BlackElo "2286"]
[WhiteFideId "11601345"]
[BlackFideId "25050389"]
[EventDate "2020.06.18"]

1. e4 c5 2. Nf3 d6 3. Bb5+ Nd7 4. O-O a6 5. Bxd7+ Bxd7 6. d4 cxd4 7. Qxd4 e5 8.
Qd3 Be7 9. c4 h6 10. Nc3 Nf6 11. c5 Be6 12. cxd6 Qxd6 13. Qe3 O-O 14. Rd1 Qc7
15. Nd5 Nxd5 16. exd5 Rfd8 17. Qxe5 Qxe5 18. Nxe5 Rxd5 19. Rxd5 Bxd5 20. Bf4 Rc8
21. b3 g5 22. Bg3 Rc2 23. Kf1 f5 24. f3 f4 25. Bf2 Bf6 26. Bd4 Rd2 27. Bc3 Rc2
28. Bd4 b5 29. a4 b4 30. Rb1 Rd2 31. Ba1 a5 32. Rc1 Bxb3 33. Rc8+ Rd8 34. Rc6
Bg7 35. Ke2 Bxa4 36. Rg6 Bb5+ 37. Ke1 Re8 38. Kd2 Kh7 39. Ng4 Kxg6 40. Bxg7 Kxg7
41. h3 Re2+ 42. Kd1 b3 0-1

[Event "Women's Speed Chess Q1"]
[Site "chess.com INT"]
[Date "2020.06.18"]
[Round "7"]
[White "Palmero Martinez, Rachel"]
[Black "Khalafova, Narmin"]
[Result "1/2-1/2"]
[WhiteTitle "WFM"]
[BlackTitle "WGM"]
[WhiteElo "2099"]
[BlackElo "2279"]
[WhiteFideId "3516466"]
[BlackFideId "13402625"]
[EventDate "2020.06.18"]

1. e4 c5 2. Nf3 d6 3. d4 Nf6 4. Nc3 cxd4 5. Nxd4 a6 6. f3 e5 7. Nb3 Be6 8. Be3
h5 9. Qd2 Nbd7 10. O-O-O Be7 11. h4 b5 12. Kb1 Qc7 13. Bg5 b4 14. Nd5 Bxd5 15.
exd5 a5 16. Bb5 O-O 17. g4 Rab8 18. Bxd7 Qxd7 19. Bxf6 Bxf6 20. gxh5 a4 21. Nc1
b3 22. cxb3 axb3 23. a3 Rfc8 24. Qd3 e4 25. fxe4 Rc2 26. Rd2 Bxb2 27. Rxc2 bxc2+
28. Kxc2 Qa4+ 29. Kd2 Bd4 30. Ke1 Rb2 31. Ne2 Qa5+ 32. Kf1 Rd2 33. Qc4 Be5 34.
Qc8+ Kh7 35. Qf5+ Kh6 36. Qxf7 Kh7 37. Qg6+ Kh8 38. Qe8+ Kh7 39. Qg6+ Kh8 40.
Qe8+ Kh7 41. Qg6+ 1/2-1/2

[Event "Women's Speed Chess Q1"]
[Site "chess.com INT"]
[Date "2020.06.18"]
[Round "7"]
[White "Franco Valencia, Angela"]
[Black "Sukandar, Irine Kharisma"]
[Result "1/2-1/2"]
[WhiteTitle "WIM"]
[BlackTitle "IM"]
[WhiteElo "2089"]
[BlackElo "2413"]
[WhiteFideId "4403070"]
[BlackFideId "7101937"]
[EventDate "2020.06.18"]

1. e4 c5 2. Nf3 d6 3. d4 cxd4 4. Nxd4 Nf6 5. Nc3 a6 6. g3 e6 7. Bg2 Be7 8. O-O
O-O 9. a4 Qc7 10. Kh1 Nc6 11. f4 Bd7 12. Nb3 Rfd8 13. g4 d5 14. e5 Ne8 15. Ne2
Na5 16. Nbd4 Rac8 17. c3 Nc4 18. b3 Na5 19. Bb2 Nc6 20. Rc1 Nxd4 21. Nxd4 b5 22.
axb5 axb5 23. Qe2 Qb6 24. f5 Bg5 25. Ra1 b4 26. cxb4 Qxb4 27. fxe6 Bxe6 28. Ra7
Nc7 29. Nc6 Qc5 30. Rxc7 Rxc7 31. Nxd8 Bxd8 32. h3 Qc2 33. Qxc2 Rxc2 34. Bd4 Rd2
35. Ba7 h6 36. b4 Rb2 37. Bc5 Bh4 38. Rd1 Bg3 39. Bxd5 Bxe5 40. Bxe6 fxe6 41.
Re1 Bc3 42. Rxe6 Bxb4 43. Re8+ Kh7 44. Bd4 Rd2 45. Re4 Bd6 46. Bg1 Rd1 47. Kg2
Rd2+ 48. Kf3 Rd3+ 49. Re3 Rxe3+ 50. Bxe3 Kg6 51. h4 h5 52. Bd4 hxg4+ 53. Kxg4
Be7 54. Be5 Bxh4 55. Kxh4 Kf5 56. Bxg7 1/2-1/2

[Event "Women's Speed Chess Q1"]
[Site "chess.com INT"]
[Date "2020.06.18"]
[Round "7"]
[White "Khomeriki, Nino"]
[Black "Gevorgyan, Maria"]
[Result "0-1"]
[WhiteTitle "WGM"]
[BlackTitle "WGM"]
[WhiteElo "2319"]
[BlackElo "2228"]
[WhiteFideId "13603191"]
[BlackFideId "13300270"]
[EventDate "2020.06.18"]

1. d4 Nf6 2. c4 c5 3. d5 e6 4. Nc3 exd5 5. cxd5 d6 6. Nf3 g6 7. Bf4 Bg7 8. h3
O-O 9. e3 Re8 10. Bd3 Na6 11. O-O Nb4 12. Bb1 Nh5 13. Bh2 f5 14. a3 Na6 15. Bd3
Nc7 16. Re1 Nf6 17. Rb1 Ne4 18. Qc2 Nxc3 19. bxc3 Nxd5 20. Bc4 Be6 21. Rxb7 Nc7
22. Bxe6+ Nxe6 23. Rd1 d5 24. c4 d4 25. exd4 cxd4 26. c5 Rc8 27. c6 Qd5 28. Rxa7
Rxc6 29. Qd2 Qc5 30. Ra5 Qb6 31. Be5 Rc2 32. Qxc2 Qxa5 33. Bxg7 Kxg7 34. Kh2 Rd8
35. Qc4 Qd5 36. Qxd5 Rxd5 37. a4 Kf6 38. Kg1 Ra5 39. Ra1 Ke7 40. Kf1 Kd6 41. Ke2
Kd5 42. Kd2 Nf4 43. g3 Ne6 44. Re1 Rxa4 45. Re5+ Kd6 46. Rb5 Ra2+ 47. Kd3 Ra3+
48. Kd2 Rxf3 49. Ke2 Rc3 0-1

[Event "Women's Speed Chess Q1"]
[Site "chess.com INT"]
[Date "2020.06.18"]
[Round "7"]
[White "Ouellet, Maili-Jade"]
[Black "Cyfka, Karina"]
[Result "1-0"]
[WhiteTitle "WGM"]
[BlackTitle "IM"]
[WhiteElo "2257"]
[BlackElo "2411"]
[WhiteFideId "2620472"]
[BlackFideId "1122681"]
[EventDate "2020.06.18"]

1. d4 Nf6 2. c4 e6 3. Nc3 Bb4 4. e3 O-O 5. Bd3 d5 6. Nf3 b6 7. O-O dxc4 8. Bxc4
Ba6 9. Bxa6 Nxa6 10. Qe2 Qc8 11. a3 Bxc3 12. bxc3 c5 13. e4 Qb7 14. Re1 Rac8 15.
Bg5 Nd7 16. Rac1 c4 17. Nd2 b5 18. a4 Nab8 19. Rb1 a6 20. axb5 axb5 21. Nxc4 Qc6
22. Na3 Qxc3 23. Nxb5 Qa5 24. Be7 Rfe8 25. Nd6 Nc6 26. Nxc8 Rxc8 27. Bc5 Nxc5
28. dxc5 Qxc5 29. Rec1 Qd6 30. Qa6 Rd8 31. Qxc6 Qf4 32. Rd1 Rf8 33. g3 Qf3 34.
Rd7 h5 35. Qb7 h4 36. e5 Qf5 37. Rbd1 h3 38. Qc6 Qxe5 39. Qf3 g6 40. Qg4 Kg7 41.
Qxh3 Rh8 42. Qg2 Qe2 43. h4 Rf8 44. R1d3 Qe1+ 45. Kh2 Qe5 46. Qf3 Qb2 47. Rc3
Qb6 48. Rcc7 Qb2 49. Rxf7+ Rxf7 50. Qxf7+ Kh6 51. Qh7# 1-0

[Event "Women's Speed Chess Q1"]
[Site "chess.com INT"]
[Date "2020.06.18"]
[Round "7"]
[White "Zvereva, Margarita"]
[Black "Efimenko, Maria"]
[Result "1-0"]
[WhiteTitle "WFM"]
[BlackTitle "WIM"]
[WhiteElo "1929"]
[BlackElo "2245"]
[WhiteFideId "34177741"]
[BlackFideId "14124327"]
[EventDate "2020.06.18"]

1. d4 d6 2. Nf3 Nf6 3. Nbd2 Bf5 4. e3 g6 5. Be2 Bg7 6. O-O O-O 7. c4 c5 8. Re1
Ne4 9. Nxe4 Bxe4 10. Bd3 Bc6 11. d5 Bd7 12. e4 Na6 13. e5 Bg4 14. Bf4 Nb4 15.
Bb1 h6 16. h3 Bc8 17. Qd2 g5 18. Bg3 f5 19. exf6 exf6 20. a3 Na6 21. h4 g4 22.
Nh2 f5 23. h5 Nc7 24. Bf4 Qf6 25. Re2 Bd7 26. Qd3 Rae8 27. Nxg4 Qh4 28. Nxh6+
Bxh6 29. Bxh6 Rxe2 30. Qxe2 Re8 31. Qd1 Qxc4 32. Bc2 Nb5 33. Bb3 Qh4 34. Rc1 Nd4
35. Bc4 b5 36. Bd3 f4 37. Qd2 c4 38. Bxc4 Nf3+ 39. gxf3 bxc4 40. Qd4 Re7 41.
Qxf4 Qxh5 42. Qg3+ Kh7 43. Bg5 Rg7 44. f4 Bg4 45. Kg2 Bf5 46. Rh1 Be4+ 47. f3 1-0

[Event "Women's Speed Chess Q1"]
[Site "chess.com INT"]
[Date "2020.06.18"]
[Round "7"]
[White "Golubenko, Valentina"]
[Black "Paramzina, Anastasya"]
[Result "1-0"]
[WhiteTitle "WGM"]
[BlackTitle "WGM"]
[WhiteElo "2209"]
[BlackElo "2209"]
[WhiteFideId "4501993"]
[BlackFideId "4165012"]
[EventDate "2020.06.18"]

1. d4 Nf6 2. g3 g6 3. Bg2 d6 4. c4 c6 5. Nc3 Bg7 6. e4 O-O 7. Nge2 e5 8. O-O Na6
9. h3 Nc7 10. Be3 b5 11. cxb5 cxb5 12. dxe5 dxe5 13. Bc5 Re8 14. Qb3 Be6 15. Qa3
Qc8 16. Bd6 Bf8 17. Bxf8 Rxf8 18. Qc5 Nd7 19. Qe3 Nb6 20. Rac1 Nc4 21. Qh6 Qb7
22. b3 Nd6 23. f4 f6 24. fxe5 fxe5 25. Qg5 Nf7 26. Qe7 Qb6+ 27. Kh2 Rae8 28. Qh4
Qe3 29. Rf3 Qd2 30. Rd1 Qc2 31. Rfd3 b4 32. R3d2 Qxd2 33. Rxd2 bxc3 34. Nxc3 g5
35. Qh5 Rd8 36. Rf2 Rd3 37. Nd5 Nxd5 38. exd5 Bxd5 39. h4 Bxg2 40. Kxg2 gxh4 41.
Qxh4 Rd6 42. Qe7 Rg6 43. Qxa7 h5 44. a4 h4 45. Rf3 e4 46. Re3 Ne5 47. Qd4 Nd3
48. Qd5+ Kh8 49. Qxe4 Rf2+ 50. Kh3 Rxg3+ 51. Rxg3 hxg3 52. Qxd3 g2 53. Qd4+ 1-0

[Event "Women's Speed Chess Q1"]
[Site "chess.com INT"]
[Date "2020.06.18"]
[Round "7"]
[White "Ning, Kaiyu"]
[Black "Kubicka, Anna"]
[Result "1-0"]
[WhiteTitle "WIM"]
[BlackTitle "WIM"]
[WhiteElo "2327"]
[BlackElo "2256"]
[WhiteFideId "8614750"]
[BlackFideId "1152254"]
[EventDate "2020.06.18"]

1. d4 Nf6 2. c4 c5 3. d5 e6 4. Nc3 exd5 5. cxd5 d6 6. g3 g6 7. Nf3 Bg7 8. Bg2
O-O 9. O-O Re8 10. Re1 a6 11. a4 Nbd7 12. Bf4 Qc7 13. e4 Nh5 14. Bg5 Ne5 15.
Nxe5 Bxe5 16. h3 Bd7 17. a5 b5 18. axb6 Qxb6 19. Qd2 Rab8 20. Reb1 f5 21. Kh2
Rf8 22. f4 Bg7 23. Ra2 Qb3 24. Rba1 fxe4 25. Bxe4 Rbe8 26. Bg2 Bd4 27. Ra3 Qc4
28. Ne4 Rxe4 29. Bxe4 Re8 30. Re1 Qb4 31. Rd3 Qxd2+ 32. Rxd2 Bf5 33. Rde2 Bxe4
34. Rxe4 Rxe4 35. Rxe4 Bxb2 36. Be7 Nf6 37. Bxf6 Bxf6 38. Re6 Kf7 39. Rxd6 a5
40. Ra6 Bc3 41. Kg2 Ke7 42. Kf3 Bb4 43. Ke4 Bc3 44. d6+ Ke6 45. g4 Bb4 46. f5+
gxf5+ 47. gxf5+ Kd7 48. Kd5 h5 49. f6 Bc3 50. f7 Bg7 51. Ra7+ Kd8 52. Kxc5 h4
53. Rxa5 Bf8 54. Ra8+ Kd7 55. Rxf8 1-0

[Event "Women's Speed Chess Q1"]
[Site "chess.com INT"]
[Date "2020.06.18"]
[Round "7"]
[White "Perez Rodriguez, Jennifer"]
[Black "Idrisova, Roza"]
[Result "1/2-1/2"]
[WhiteTitle "WIM"]
[BlackTitle "WFM"]
[WhiteElo "2251"]
[BlackElo "1960"]
[WhiteFideId "3507831"]
[BlackFideId "4146662"]
[EventDate "2020.06.18"]

1. e4 c6 2. d4 d5 3. exd5 cxd5 4. c4 Nf6 5. Nc3 Nc6 6. Nf3 Bg4 7. cxd5 Nxd5 8.
Qb3 Bxf3 9. gxf3 e6 10. Qxb7 Nxd4 11. Bb5+ Nxb5 12. Qc6+ Ke7 13. Qxb5 Qd7 14.
Qxd7+ Kxd7 15. Nxd5 exd5 16. Be3 Bb4+ 17. Ke2 Rhc8 18. Rac1 a6 19. Bd4 g6 20.
Kd3 Rxc1 21. Rxc1 Bd6 22. h3 Bf4 23. Rc5 Ke6 24. Ra5 Bc7 25. Ra4 Kd6 26. b4 Kc6
27. Ra3 Kb5 28. Rc3 Bd6 29. Bc5 Be5 30. Rc2 a5 31. bxa5 Rxa5 32. a3 Ra6 33. Bb4
Rc6 34. Re2 f6 35. Re1 Rc4 36. Rb1 Ka4 37. Be7 Rc3+ 38. Ke2 Rc2+ 39. Kf1 Bb2 40.
Rd1 d4 41. Bxf6 Rc4 42. Rd3 Bc3 43. Kg2 Kxa3 44. Bxd4 Kb3 45. Bxc3 Rxc3 46. Rd7
Kc2 47. Rxh7 Rc6 48. Rd7 Rf6 49. Kg3 Kc3 50. Kg4 Kc4 51. f4 Kc5 52. h4 Kc6 53.
Rd4 Kc5 54. Re4 Kd5 55. Re5+ Kd6 56. Kg5 Rf8 57. Ra5 Rh8 58. Ra6+ Ke7 59. Rxg6
Kf7 60. h5 Ra8 61. f5 Ra1 62. h6 Rg1+ 63. Kf4 Rh1 64. Ra6 Rh2 65. h7 Kg7 66.
Ra7+ Kh8 67. f3 Rh4+ 68. Kg5 Rh5+ 69. Kf4 Rxf5+ 70. Kxf5 1/2-1/2

[Event "Women's Speed Chess Q1"]
[Site "chess.com INT"]
[Date "2020.06.18"]
[Round "7"]
[White "Shuvalova, Polina"]
[Black "Dzagnidze, Nana"]
[Result "1/2-1/2"]
[WhiteTitle "WGM"]
[BlackTitle "GM"]
[WhiteElo "2454"]
[BlackElo "2524"]
[WhiteFideId "24171760"]
[BlackFideId "13601903"]
[EventDate "2020.06.18"]

1. e4 c5 2. Nf3 Nc6 3. Bb5 e6 4. Bxc6 bxc6 5. d3 d6 6. e5 d5 7. c4 Ne7 8. O-O
Nf5 9. Nc3 Be7 10. b3 a5 11. Na4 Qc7 12. Ba3 Qa7 13. Rc1 O-O 14. Qd2 Bd7 15. g4
Nh6 16. h3 Rac8 17. Rfe1 Kh8 18. Kg2 Ng8 19. Qe3 d4 20. Qd2 f5 21. exf6 gxf6 22.
Qf4 e5 23. Qg3 Bd6 24. Nd2 f5 25. gxf5 Nf6 26. Qf3 Rg8+ 27. Kh1 Rg5 28. Rg1 Rxf5
29. Qe2 Rf4 30. Rg3 Bf5 31. Rcg1 e4 32. dxe4 Nxe4 33. Nxe4 Bxe4+ 34. f3 Bf5 35.
Qg2 Qf7 36. Bxc5 Bxc5 37. Nxc5 d3 38. Rg7 Qf8 39. Nd7 Bxd7 40. Rxd7 Qf6 41. Rxd3
Rf8 42. Rd7 Rxf3 43. Qg7+ Qxg7 44. Rgxg7 Rxh3+ 45. Kg2 Rh6 46. Ra7 Rh5 47. Rgb7
Rg5+ 48. Kh3 Rh5+ 49. Kg4 Rh6 50. Rc7 Rg6+ 51. Kh5 Rg1 52. Rxh7+ Kg8 53. Rhe7
Rg2 54. Red7 Rh2+ 55. Kg6 Rg2+ 56. Kh6 Rh2+ 57. Kg6 Rg2+ 58. Kh6 Rh2+ 59. Kg6 1/2-1/2

[Event "Women's Speed Chess Q1"]
[Site "chess.com INT"]
[Date "2020.06.18"]
[Round "7"]
[White "Antova, Gabriela"]
[Black "Mammadzada, Gunay"]
[Result "0-1"]
[WhiteTitle "FM"]
[BlackTitle "IM"]
[WhiteElo "2255"]
[BlackElo "2443"]
[WhiteFideId "2915235"]
[BlackFideId "13403729"]
[EventDate "2020.06.18"]

1. d4 d5 2. c4 c6 3. Nf3 Nf6 4. Nc3 a6 5. cxd5 cxd5 6. Bf4 Nc6 7. e3 e6 8. Rc1
Bb4 9. Bd3 O-O 10. O-O h6 11. h3 Bd7 12. Na4 Rc8 13. Nc5 Bxc5 14. Rxc5 Qb6 15.
Qd2 Ne4 16. Bxe4 dxe4 17. Ne5 Nxe5 18. Bxe5 f6 19. Bg3 Bc6 20. Rfc1 Rcd8 21. Qc2
Rd7 22. b3 Qd8 23. Rxc6 bxc6 24. Qxe4 e5 25. dxe5 Rd1+ 26. Rxd1 Qxd1+ 27. Kh2
fxe5 28. Qxc6 Qe2 29. a4 Qb2 30. Qe6+ Kh7 31. Qxa6 Qxb3 32. a5 Qd5 33. Qb6 Rc8
34. a6 Rc1 35. a7 Ra1 36. Qb8 Qa5 37. Bxe5 Qxa7 38. Qxa7 Rxa7 39. Bd4 Rd7 40.
Kg3 Kg6 41. h4 Kf5 42. f3 g6 43. e4+ Ke6 44. Be3 h5 45. Kf4 Rb7 46. Kg5 Kf7 47.
g4 Rb3 48. Bf4 Rxf3 49. gxh5 gxh5 50. e5 Ke6 51. Bd2 Rf5+ 52. Kg6 Rxe5 53. Bg5
Rb5 54. Kxh5 Kf5 55. Kh6 Rb6+ 56. Kg7 Rb7+ 57. Kf8 Kg6 58. Ke8 Ra7 59. Kd8 Kf5
60. Kc8 Ke6 61. Kb8 Rh7 62. Ka8 Kd6 63. Bf6 Kc6 64. Bg5 Rd7 0-1

[Event "Women's Speed Chess Q1"]
[Site "chess.com INT"]
[Date "2020.06.18"]
[Round "7"]
[White "Tarini, Goyal"]
[Black "Kazarian, Anna-Maja"]
[Result "1-0"]
[WhiteTitle "WFM"]
[BlackTitle "FM"]
[WhiteElo "2164"]
[BlackElo "2096"]
[WhiteFideId "5082749"]
[BlackFideId "1033689"]
[EventDate "2020.06.18"]

1. d4 d5 2. c4 c6 3. Nc3 Nf6 4. e3 e6 5. Nf3 Bd6 6. Bd3 O-O 7. Qc2 Nbd7 8. O-O
dxc4 9. Bxc4 e5 10. h3 exd4 11. exd4 Nb6 12. Bd3 h6 13. Qd1 Bc7 14. Bc2 Be6 15.
Qd3 Bc4 16. Qf5 Bxf1 17. Ne4 Nxe4 18. Qxe4 g6 19. Bxh6 Re8 20. Qg4 Qd7 21. Qg5
Qe7 22. Qg4 Qe6 23. Qh4 Bd8 24. Ng5 Bxg5 25. Bxg5 Be2 26. Bb3 Qe4 27. Qh6 Qxd4
28. Qxg6+ Qg7 29. Bxf7+ Kf8 30. Bh6 Qxh6 31. Qxh6+ Kxf7 32. Re1 Nd5 33. Rxe2
Rxe2 34. Qh5+ Kf8 35. Qxe2 Re8 36. Qf3+ Ke7 37. Qh5 Kd8 38. Qh7 Nc7 39. g3 Kc8
40. Kg2 Kb8 41. h4 a6 42. h5 Nd5 43. h6 Re2 44. Qg7 Rd2 45. h7 Ne3+ 46. Kf3 Nd1
47. h8=Q+ Ka7 48. Qhh7 Rxf2+ 49. Ke4 Re2+ 50. Kd3 Rxb2 51. Qxb2 Nxb2+ 52. Kc2
Nc4 53. g4 Ne3+ 54. Kd3 Nxg4 55. Qf5 Nh2 56. Qh3 c5 57. Qxh2 Kb6 58. Kc4 Ka5 59.
Qb2 b5+ 60. Kxc5 b4 61. Qxb4# 1-0

[Event "Women's Speed Chess Q1"]
[Site "chess.com INT"]
[Date "2020.06.18"]
[Round "7"]
[White "Tania, Sachdev"]
[Black "Divya, Deshmukh"]
[Result "1/2-1/2"]
[WhiteTitle "IM"]
[BlackTitle "WIM"]
[WhiteElo "2392"]
[BlackElo "2305"]
[WhiteFideId "5007844"]
[BlackFideId "35006916"]
[EventDate "2020.06.18"]

1. d4 Nf6 2. c4 e6 3. Nf3 Bb4+ 4. Bd2 Qe7 5. g3 Nc6 6. Nc3 Bxc3 7. Bxc3 d5 8.
Bg2 Ne4 9. Rc1 dxc4 10. O-O Nxc3 11. Rxc3 O-O 12. Rxc4 Rd8 13. Qc1 Bd7 14. Rd1
Be8 15. e4 Rd7 16. d5 exd5 17. exd5 Ne5 18. Nxe5 Qxe5 19. Re1 Qf6 20. Rce4 Rdd8
21. Qxc7 h6 22. Qxb7 Rab8 23. Qxa7 Qxb2 24. R4e2 Qb4 25. Re4 Qd6 26. Qe3 Bd7 27.
Qd4 Ra8 28. R4e2 Be6 29. Rd2 Bf5 30. h3 Qd7 31. g4 Ra4 32. Qc5 Bg6 33. d6 Ra6
34. Qc7 Rxd6 35. Qxd6 Qxd6 36. Rxd6 Rxd6 37. a4 Ra6 38. Ra1 Ra5 39. Bc6 Bc2 40.
Bb5 Kf8 41. Kf1 Ke7 42. Ke2 Bg6 43. Kd2 h5 44. Kc3 hxg4 45. hxg4 Kd6 46. Kb4 Ra8
47. a5 Ke5 48. a6 Ra7 49. Kc5 Be4 50. Kb6 Ra8 51. a7 Rc8 52. Re1 Kf4 53. Rxe4+
Kxe4 54. Bc6+ Kf4 55. Kb7 Rd8 56. f3 f5 57. gxf5 Kxf5 58. a8=Q Rxa8 59. Kxa8 Kf4
60. Be4 g5 61. Kb7 g4 62. fxg4 Kxg4 1/2-1/2

[Event "Women's Speed Chess Q1"]
[Site "chess.com INT"]
[Date "2020.06.18"]
[Round "7"]
[White "Rakhmangulova, Anastasiya"]
[Black "Fernandez, Maria Florencia"]
[Result "1-0"]
[WhiteTitle "WIM"]
[BlackTitle "WIM"]
[WhiteElo "2191"]
[BlackElo "2229"]
[WhiteFideId "14117479"]
[BlackFideId "116459"]
[EventDate "2020.06.18"]

1. e4 d6 2. d4 Nf6 3. Nc3 g6 4. f4 Bg7 5. Nf3 O-O 6. Bd3 Nc6 7. O-O e5 8. fxe5
dxe5 9. d5 Ne7 10. Bg5 c6 11. Nxe5 cxd5 12. exd5 Qb6+ 13. Kh1 Nexd5 14. Nxd5
Nxd5 15. Nxf7 Be6 16. Nh6+ Kh8 17. Qe2 Rfe8 18. Qf2 Qxf2 19. Rxf2 Bxb2 20. Rb1
Bd4 21. Rff1 b6 22. c4 Ne3 23. Rf4 Bg7 24. g4 Rac8 25. Re1 Bg8 26. Nxg8 Kxg8 27.
Be4 Nxc4 28. Bd5+ Kh8 29. Rxe8+ Rxe8 30. Bxc4 h6 31. Bh4 g5 32. Bxg5 hxg5 33.
Rf5 Re1+ 34. Kg2 Rc1 35. Bb3 Bc3 36. Rxg5 Re1 37. h4 Kh7 38. h5 Re2+ 39. Kf3 Re7
40. Bg8+ Kh8 41. Bb3 Bd2 42. Rg8+ Kh7 43. g5 Re5 44. g6+ Kh6 45. Rh8+ Kg5 46. g7
Rf5+ 47. Ke2 Bc3 48. g8=Q+ Kf4 49. Qf7 Rxf7 50. Bxf7 Bxh8 51. h6 Kg5 52. h7 Kh6
53. Bg8 Kg7 54. Kd3 Kf6 55. Kc4 Ke7 56. Kb5 Kd7 57. Ka6 Kc6 58. a4 Kc5 59. Bf7
Kb4 60. Be8 Bd4 61. Bb5 Kc5 62. Kxa7 Kb4 63. Kb7 Ka3 64. Kc7 Kb4 65. Kd7 Kc5 66.
Ke6 Bc3 67. Kf7 Kd6 68. Kg8 Ke7 69. h8=Q Bxh8 70. Kxh8 Kd6 71. Kg7 Kc7 72. Kf6
Kb7 73. Ke6 Kc7 74. Kd5 Kb7 75. Kd6 Ka7 76. Kc6 Kb8 77. Kxb6 Ka8 78. a5 Kb8 79.
a6 Ka8 80. Bc6+ Kb8 81. a7+ Kc8 82. a8=Q# 1-0

[Event "Women's Speed Chess Q1"]
[Site "chess.com INT"]
[Date "2020.06.18"]
[Round "7"]
[White "Vifleemskaia, Svetlana"]
[Black "Pham, Bich Ngoc"]
[Result "0-1"]
[WhiteTitle "WFM"]
[BlackTitle "WIM"]
[WhiteElo "1943"]
[BlackElo "2235"]
[WhiteFideId "4129490"]
[BlackFideId "12401285"]
[EventDate "2020.06.18"]

1. d4 g6 2. c4 Bg7 3. e4 d6 4. Be3 Nc6 5. Nc3 e5 6. d5 Nce7 7. Qd2 h6 8. Nge2 f5
9. f3 Nf6 10. O-O-O fxe4 11. fxe4 Ng4 12. h3 Nxe3 13. Qxe3 O-O 14. g4 g5 15. Ng3
Ng6 16. Nf5 b6 17. Kb1 a5 18. Nb5 Rf7 19. Be2 Nf4 20. a4 Bd7 21. Ka2 Be8 22.
Rdg1 Qf6 23. Rd1 Rd8 24. Rd2 Bf8 25. Rdd1 c6 26. dxc6 Bxc6 27. Nc3 Rb7 28. Nd5
Bxd5 29. cxd5 Qf7 30. Bb5 Rc8 31. Rc1 Rc5 32. Rxc5 bxc5 33. h4 Nxd5 34. exd5
Qxd5+ 35. Qb3 Qxb3+ 36. Kxb3 d5 37. hxg5 hxg5 38. Rh5 c4+ 39. Kc2 Kf7 40. Rxg5
Kf6 41. Rg8 Bb4 42. Rd8 Rh7 43. Rxd5 Rh2+ 44. Kb1 c3 45. bxc3 Bxc3 46. Rd3 Bb4
47. Re3 Rh1+ 48. Kc2 Rh2+ 49. Kd3 Ra2 50. Re2 Ra3+ 51. Ke4 Bc3 52. Rg2 Kg5 53.
Ne3 Bd4 54. Nd5 Ra1 55. Be2 Rxa4 56. Kd3 Ra3+ 57. Ke4 a4 58. Ne7 Ra1 59. Nf5 Bb2
60. Nd6 a3 61. Bc4 Bc3 62. Nf7+ Kf6 63. g5+ Kg7 64. g6 Re1+ 65. Kd5 Bb2 66. Ng5
Rd1+ 67. Ke4 Rd4+ 68. Kf5 Rxc4 69. Ne6+ Kg8 70. g7 Rc1 71. Rh2 Rf1+ 72. Kg6 Rg1+
73. Kf5 Rf1+ 74. Kg6 Rg1+ 75. Kf5 Rxg7 76. Nxg7 Kxg7 77. Ke4 a2 78. Rh1 a1=Q 79.
Rxa1 Bxa1 0-1

[Event "Women's Speed Chess Q1"]
[Site "chess.com INT"]
[Date "2020.06.18"]
[Round "7"]
[White "Munkhzul, Davaakhuu"]
[Black "Vakhania, Aleksandra"]
[Result "0-1"]
[WhiteTitle "WFM"]
[BlackTitle "WIM"]
[WhiteElo "1991"]
[BlackElo "2138"]
[WhiteFideId "4902815"]
[BlackFideId "13602560"]
[EventDate "2020.06.18"]

1. e4 c6 2. Nf3 d5 3. Nc3 g6 4. e5 c5 5. Bb5+ Nc6 6. d4 c4 7. O-O Bg7 8. Bxc6+
bxc6 9. Na4 Bg4 10. Nc5 e6 11. h3 Bxf3 12. Qxf3 Ne7 13. Bg5 h6 14. Bf6 O-O 15.
Rfe1 Bxf6 16. Qxf6 Nf5 17. Qxd8 Rfxd8 18. b3 Nxd4 19. Rac1 Nb5 20. bxc4 dxc4 21.
c3 Rd5 22. Na4 Rad8 23. Nb2 Rd2 24. Nxc4 Rxa2 25. g3 Rd3 26. Re3 Rxe3 27. Nxe3
a5 28. c4 Nd4 29. Rd1 c5 30. Rb1 a4 31. Ng4 Kg7 32. Rb8 a3 33. Kg2 Nc6 34. Rc8
h5 35. Nf6 Nxe5 36. Ne8+ Kf8 37. Nd6+ Ke7 38. Nb5 Nxc4 39. Rxc5 Ne3+ 40. Kf3 Nd1
41. Rc7+ Kf6 42. Nd6 Rxf2+ 43. Ke4 Kg7 44. Ra7 a2 45. Kd3 Nb2+ 46. Ke3 Nd1+ 47.
Kd3 Rf3+ 48. Ke2 Rxg3 49. Rxf7+ Kh6 50. Ra7 Rxh3 51. Nf7+ Kg7 52. Ng5+ Kf6 53.
Nxh3 Nc3+ 54. Kd3 Nd5 55. Kd2 Nb4 56. Kc1 g5 57. Kb2 g4 58. Nf4 h4 59. Rg7 Kxg7
60. Nxe6+ Kf6 61. Nf4 Kf5 62. Ng2 h3 63. Ne3+ Kf4 64. Nf1 Kf3 65. Nh2+ Kg3 66.
Nf1+ Kf2 67. Nh2 g3 68. Ng4+ Kf3 69. Ne5+ Ke4 70. Ng4 h2 0-1

[Event "Women's Speed Chess Q1"]
[Site "chess.com INT"]
[Date "2020.06.18"]
[Round "7"]
[White "Afonasieva, Anna"]
[Black "Batsiashvili, Nino"]
[Result "0-1"]
[WhiteTitle "WIM"]
[BlackTitle "GM"]
[WhiteElo "2274"]
[BlackElo "2457"]
[WhiteFideId "24173606"]
[BlackFideId "13602993"]
[EventDate "2020.06.18"]

1. d4 d5 2. Bf4 c5 3. e3 Nc6 4. c3 Qb6 5. Qb3 c4 6. Qc2 Nf6 7. Nd2 Bg4 8. Ngf3
e6 9. Ne5 Bf5 10. Qc1 Nxe5 11. dxe5 Ne4 12. Nf3 Nc5 13. Nd4 Nd3+ 14. Bxd3 Bxd3
15. b3 Be7 16. bxc4 Bxc4 17. f3 O-O 18. Kf2 Rfc8 19. Qb1 Qa6 20. a4 b6 21. Qb2
Rc5 22. Rhb1 Rac8 23. e4 dxe4 24. fxe4 Bd3 25. Rc1 Bxe4 26. Nb5 Rd5 27. Nd6 Bxd6
28. exd6 e5 29. c4 Rxd6 30. Bxe5 Rg6 31. g3 h5 32. Qd4 Qb7 33. a5 h4 34. axb6
axb6 35. Re1 Bc6 36. Bf4 h3 37. Re2 Bf3 38. Rea2 Bh1 39. Kg1 Re6 40. Qf2 Rce8
41. Rf1 Bc6 42. Rd2 Qe7 43. g4 Bg2 44. Rfd1 Ba8 45. Rd7 Qf6 46. Bg3 Qxf2+ 47.
Bxf2 Re4 48. R1d3 Rxg4+ 49. Bg3 Rxc4 50. Rf3 f6 51. Rb3 Rc6 52. Ra3 Rce6 53.
Raa7 Bc6 54. Rxg7+ Kh8 55. Rh7+ Kg8 56. Rag7+ Kf8 57. Bf4 Re1+ 58. Kf2 R8e2+ 59.
Kg3 Rg2+ 60. Kxh3 Rxg7 61. Bh6 Ke8 62. Rxg7 Bd7+ 63. Kg3 b5 64. Kf2 Re6 65. Rg8+
Kf7 66. Rb8 f5 67. Bf4 Kf6 68. Bg3 Bc6 69. Rf8+ Kg6 70. Rg8+ Kf7 71. Rc8 Rf6 72.
Rb8 f4 73. Rb6 fxg3+ 74. Kxg3 Re6 75. Kf4 Ke7 76. h4 Kd7 77. Rb8 Kc7 78. Rf8 Bd5
79. Rh8 Re4+ 80. Kf3 Rxh4+ 0-1

[Event "Women's Speed Chess Q1"]
[Site "chess.com INT"]
[Date "2020.06.18"]
[Round "7"]
[White "Mohota, Nisha"]
[Black "Vovk, Anastasiia"]
[Result "1/2-1/2"]
[WhiteTitle "IM"]
[BlackTitle "WGM"]
[WhiteElo "2195"]
[BlackElo "2076"]
[WhiteFideId "5004330"]
[BlackFideId "14110563"]
[EventDate "2020.06.18"]

1. e4 c6 2. Nc3 d5 3. Nf3 Bg4 4. Be2 e6 5. h3 Bh5 6. O-O Nf6 7. e5 Nfd7 8. d4 c5
9. Nb5 cxd4 10. Nbxd4 Nc6 11. Re1 Bc5 12. Nb3 Be7 13. Bf4 O-O 14. c4 Nb6 15.
cxd5 Nxd5 16. Bh2 Qb6 17. Rc1 Rfd8 18. Qc2 Bg6 19. Qc4 Rac8 20. Qg4 Ndb4 21.
Nbd2 Nxa2 22. Nc4 Qb4 23. Ra1 h5 24. Qf4 b5 25. Rxa2 bxc4 26. Qxc4 Qxc4 27. Bxc4
Nb4 28. Rxa7 Bc5 29. Ra4 Nd3 30. Bxd3 Bxd3 31. Bg3 Rb8 32. Rd1 Rxb2 33. Ne1 Rb3
34. Rf4 Bb6 35. Rf3 Bc4 36. Rxd8+ Bxd8 37. Rxb3 Bxb3 38. Nf3 Bb6 39. Kh2 Kf8 40.
h4 Ke7 41. Bf4 Bc2 42. Kg3 Kd7 43. Bg5 Kc6 44. Bf4 Kd5 45. Ng5 Bg6 46. f3 Bd4
47. Kh3 Bxe5 48. Bxe5 Kxe5 49. Kg3 Kd4 50. Nh3 e5 51. Ng5 Kd5 52. Nh3 e4 53.
fxe4+ Bxe4 54. Nf4+ Ke5 55. Nxh5 g6 56. Nf4 Kf6 57. Nh3 Bd5 58. Nf4 Bc6 59. Nh3
Bb7 60. Nf4 Bc6 61. Nh3 Bb7 62. Ng5 Bc6 63. Nh7+ Kg7 64. Ng5 Kf6 65. Nh3 1/2-1/2